Orte des Tourismus : Eine raum- und gesellschaftstheoretische Untersuchung.

Bibliographic Details
Main Author: Pott, Andreas.
Format: eBook
Language:German
Published: Bielefeld : transcript, 2015.
Edition:1st ed.
Series:Sozialtheorie
Subjects:
Online Access:Click to View
LEADER 03279nam a22003853i 4500
001 EBC6955741
003 MiAaPQ
005 20231204023222.0
006 m o d |
007 cr cnu||||||||
008 231204s2015 xx o ||||0 ger d
020 |a 9783839407639  |q (electronic bk.) 
020 |z 9783899427639 
035 |a (MiAaPQ)EBC6955741 
035 |a (Au-PeEL)EBL6955741 
035 |a (OCoLC)1049912143 
040 |a MiAaPQ  |b eng  |e rda  |e pn  |c MiAaPQ  |d MiAaPQ 
100 1 |a Pott, Andreas. 
245 1 0 |a Orte des Tourismus :  |b Eine raum- und gesellschaftstheoretische Untersuchung. 
250 |a 1st ed. 
264 1 |a Bielefeld :  |b transcript,  |c 2015. 
264 4 |c ©2015. 
300 |a 1 online resource (329 pages) 
336 |a text  |b txt  |2 rdacontent 
337 |a computer  |b c  |2 rdamedia 
338 |a online resource  |b cr  |2 rdacarrier 
490 1 |a Sozialtheorie 
505 0 |a Cover Orte des Tourismus -- INHALT -- TOURISMUS UND RAUM ALS GESELLSCHAFTSTHEORETISCHE HERAUSFORDERUNG -- STÄDTETOURISMUS UND RAUM -- Städtetourismus als Untersuchungsgegenstand -- Raum im Städtetourismus -- Systemtheoretische Raumkonzeption -- Methodologische Vorbemerkung -- Raum als Medium der Wahrnehmung und der Kommunikation -- Forschungspraktische Konsequenzen -- DER TOURISMUS DER GESELLSCHAFT -- Tourismus und moderne Gesellschaft -- Tourismus als Folge entfremdeter Arbeit? -- Das gesellschaftliche Bezugsproblem des Tourismus -- Tourismus als organisierte Strukturlockerung durch Ortswechsel -- Zur Entwicklungsgeschichte des Tourismus -- Ist der Tourismus ein Funktionssystem? -- DIE FORM DES STÄDTETOURISMUS -- Städtetourismus als eine Form des Tourismus -- Städtetourismus als Kulturtourismus? -- Die vergleichende Perspektive des Beobachtungsschemas Kultur -- Städtetourismus, Kultur und Raum -- Regionalisierung -- Historisierung -- Heterogenisierung -- städtetouristischer Strukturbildung -- Städte des Tourismus als kultur- und raumbezogene Semantiken -- Kritik an Konstruktion und Reduktion? -- STÄDTE DES TOURISMUS UND STÄDTETOURISTEN -- Erholung im Städtetourismus -- Site-Seeing: Zur räumlichen Form des städtetouristischen Blicks -- Touristenkörper -- Verdinglichung und Verortung -- Alltagsdistanz durch Flächenräume -- ORTSSEMANTIK UND STÄDTETOURISTISCHE ENTWICKLUNG -- Semantik und Struktur -- Zur Auswahl des Fallbeispiels -- Fallbeispiel Wetzlar -- Wetzlar als städtetouristisches Ziel -- Touristische Grundlegung (bis 1939) -- Touristischer Dämmerschlaf (1945 bis 1980) -- Touristisches Erwachen (1980 bis 1995) -- Touristische Wachstumsanstrengungen (seit 1995) -- Raumreflektierendes Fazit -- ZUSAMMENFASSUNG UND AUSBLICK -- LITERATUR. 
588 |a Description based on publisher supplied metadata and other sources. 
590 |a Electronic reproduction. Ann Arbor, Michigan : ProQuest Ebook Central, 2023. Available via World Wide Web. Access may be limited to ProQuest Ebook Central affiliated libraries.  
655 4 |a Electronic books. 
776 0 8 |i Print version:  |a Pott, Andreas  |t Orte des Tourismus  |d Bielefeld : transcript,c2015  |z 9783899427639 
797 2 |a ProQuest (Firm) 
830 0 |a Sozialtheorie 
856 4 0 |u https://ebookcentral.proquest.com/lib/matrademy/detail.action?docID=6955741  |z Click to View